|
|
|
|
| LEADER |
00000nam0a2200000 4500 |
| 001 |
141893 |
| 005 |
20231031142553.0 |
| 010 |
|
|
|a 3540140239
|
| 035 |
|
|
|a (RuTPU)RU\TPU\book\153791
|
| 090 |
|
|
|a 141893
|
| 100 |
|
|
|a 20080828d2005 k y0engy50 ba
|
| 101 |
0 |
|
|a eng
|
| 102 |
|
|
|a DE
|
| 105 |
|
|
|a a z 001zy
|
| 200 |
1 |
|
|a Applied Stochastic Control of Jump Diffusions
|f B. Oksendal, A. Sulem
|
| 210 |
|
|
|a Berlin
|c Springer-Verlag
|d 2005
|
| 215 |
|
|
|a 212 p.
|c il.
|
| 225 |
1 |
|
|a Universitext
|
| 320 |
|
|
|a References: p. 197-201.
|
| 320 |
|
|
|a Index: p. 207-208.
|
| 610 |
1 |
|
|a математика
|
| 610 |
1 |
|
|a диффузия
|
| 610 |
1 |
|
|a стохастический анализ
|
| 610 |
1 |
|
|a динамическое программирование
|
| 610 |
1 |
|
|a численные методы
|
| 610 |
1 |
|
|a стохастический контроль
|
| 610 |
1 |
|
|a теория
|
| 610 |
1 |
|
|a упражнения
|
| 610 |
1 |
|
|a решения
|
| 610 |
1 |
|
|a английский язык
|
| 675 |
|
|
|a 519.217
|v 3
|
| 700 |
|
1 |
|a Oksendal
|b B.
|g Bernt
|
| 701 |
|
1 |
|a Sulem
|b A.
|g Agnes
|
| 801 |
|
1 |
|a RU
|b 63413507
|c 20080828
|g PSBO
|
| 801 |
|
2 |
|a RU
|b 63413507
|c 20080923
|g PSBO
|
| 942 |
|
|
|c BK
|